[Event "Las Vegas National op"]
[Site "Las Vegas"]
[Date "2023.06.15"]
[Round "2"]
[White "Jacobson, Brandon"]
[Black "Atoufi, Pedram"]
[Result "1-0"]
[WhiteElo "2557"]
[BlackElo "2238"]
[PlyCount "55"]
[EventDate "2023.06.14"]
[EventType "swiss"]
[EventRounds "9"]
[EventCountry "USA"]
[SourceTitle "CBM 214 Extra"]
[Source "ChessBase"]
[SourceDate "2023.07.31"]
[SourceVersion "1"]
[SourceVersionDate "2023.07.31"]
[SourceQuality "1"]

1. d4 Nf6 2. c4 g6 3. Nc3 Bg7 4. e4 d6 5. Nf3 0-0 6. Be2 Na6 7. 0-0 e5 8. Re1 c6 9. d5 Nc5 10. Qc2 a5 11. Be3 Ng4 12. Bxc5 dxc5 13. Rad1 cxd5 14. cxd5 f5 15. Bc4 Bd7 16. Bb5 Bxb5 17. Nxb5 b6 18. d6 Qd7 19. Nc7 Rab8 20. exf5 gxf5 21. Qc4+ Kh8 22. h3 e4 23. hxg4 exf3 24. Re7 Qc6 25. Rxg7 Kxg7 26. Ne6+ Kf6 27. Re1 Rg8 28. Qf4 1-0

[Event "Titled Tuesday intern op 30th May Early"]
[Site "Chess.com INT"]
[Date "2023.05.30"]
[Round "11"]
[White "Atoufi, Pedram"]
[Black "Kuzubov, Yuriy"]
[Result "0-1"]
[WhiteElo "2261"]
[BlackElo "2624"]
[PlyCount "122"]
[EventDate "2023.05.30"]
[EventType "swiss (blitz)"]
[EventRounds "11"]
[EventCountry "USA"]
[SourceTitle "CBM 214 Extra"]
[Source "ChessBase"]
[SourceDate "2023.07.31"]
[SourceVersion "1"]
[SourceVersionDate "2023.07.31"]
[SourceQuality "1"]

1. e4 c5 2. Nc3 d6 3. Nf3 Nf6 4. e5 dxe5 5. Nxe5 e6 6. Be2 Be7 7. 0-0 0-0 8. d3 Nbd7 9. Bf4 Nb6 10. Qd2 Nfd5 11. Be3 Nxe3 12. fxe3 f6 13. Nf3 e5 14. e4 Be6 15. b3 Rf7 16. a4 Bf8 17. a5 Nc8 18. Nd5 Ne7 19. Nxe7+ Rxe7 20. Qe3 Rc7 21. Ra4 Rc6 22. Nd2 Ra6 23. h3 Rxa5 24. Rxa5 Qxa5 25. Nc4 Qc3 26. Qd2 Qxd2 27. Nxd2 a6 28. Kf2 Be7 29. Ke3 g6 30. Bg4 Bf7 31. Nc4 h5 32. Bd7 Rd8 33. Nb6 c4 34. bxc4 Bc5+ 35. Ke2 Bxb6 36. Rxf6 Bd4 37. Ba4 Kg7 38. Rf1 Be6 39. Rb1 Bc8 40. Rf1 Rf8 41. Rxf8 Kxf8 42. Kd2 Ke7 43. c3 Bc5 44. Bd1 Kf6 45. Ba4 Kg5 46. Be8 Be6 47. Ke2 b6 48. Bc6 a5 49. Kf3 Kf6 50. Be8 h4 51. Bc6 Ke7 52. Bb5 Bd7 53. Bxd7 Kxd7 54. d4 exd4 55. cxd4 Bxd4 56. Ke2 a4 57. Kd3 Bc5 58. Kc3 a3 59. Kb3 Ke6 60. Ka2 Ke5 61. Kb1 Kxe4 0-1

[Event "Titled Tuesday intern op 30th May Early"]
[Site "Chess.com INT"]
[Date "2023.05.30"]
[Round "3"]
[White "Halkias, Stelios"]
[Black "Atoufi, Pedram"]
[Result "1-0"]
[WhiteElo "2511"]
[BlackElo "2261"]
[PlyCount "93"]
[EventDate "2023.05.30"]
[EventType "swiss (blitz)"]
[EventRounds "11"]
[EventCountry "USA"]
[SourceTitle "CBM 214 Extra"]
[Source "ChessBase"]
[SourceDate "2023.07.31"]
[SourceVersion "1"]
[SourceVersionDate "2023.07.31"]
[SourceQuality "1"]

1. d4 d5 2. c4 Nf6 3. cxd5 e6 4. dxe6 Bxe6 5. Nc3 Nc6 6. Nf3 Bb4 7. e3 0-0 8. Bd3 Qd7 9. 0-0 Rfd8 10. Bd2 a6 11. Rc1 Bf5 12. Bxf5 Qxf5 13. Qb3 Bxc3 14. Bxc3 Qd5 15. Qxd5 Rxd5 16. Rfd1 Rad8 17. Nd2 Re8 18. b4 g6 19. a4 Kg7 20. Nb3 Ne4 21. Be1 f6 22. f3 Nd6 23. e4 Nxe4 24. fxe4 Rxe4 25. Nc5 Re7 26. Nxb7 Nxd4 27. Kh1 c6 28. Nc5 g5 29. Bf2 Ne2 30. Rxd5 cxd5 31. Re1 Re5 32. h3 Nc3 33. Rc1 Na2 34. Rb1 Re2 35. Bd4 Rd2 36. b5 axb5 37. axb5 Kf7 38. b6 Rxd4 39. b7 Nc3 40. b8Q Nxb1 41. Qb7+ Kg6 42. Qxb1+ Kh6 43. Qf5 Rf4 44. Qxd5 Rf2 45. Qf7 Re2 46. Qxf6+ Kh5 47. Ne6 1-0

[Event "North American op 27th"]
[Site "Las Vegas"]
[Date "2017.12.30"]
[Round "9"]
[White "Atoufi, Pedram"]
[Black "Arvind, C Jayaraman"]
[Result "1-0"]
[WhiteElo "2284"]
[BlackElo "2166"]
[PlyCount "113"]
[EventDate "2017.12.26"]
[EventType "swiss"]
[EventRounds "9"]
[EventCountry "USA"]
[SourceTitle "CBM 182 Extra"]
[Source "ChessBase"]
[SourceDate "2018.02.23"]
[SourceVersion "1"]
[SourceVersionDate "2018.02.23"]
[SourceQuality "1"]

1. e4 e5 2. Nf3 Nc6 3. Bb5 Nf6 4. Nc3 Bb4 5. 0-0 0-0 6. d3 d6 7. Bg5 Ne7 8. Nh4 c6 9. Bc4 Ne8 10. Qh5 Nc7 11. Nf5 Bxf5 12. exf5 d5 13. f6 dxc4 14. fxg7 Kxg7 15. Qh6+ Kg8 16. Bf6 Ne6 17. Ne4 Nf5 18. Qh3 Be7 19. Qxf5 Bxf6 20. Nxf6+ Kg7 21. Ne4 Qe7 22. Qxe5+ f6 23. Qg3+ Kh8 24. dxc4 Nd4 25. Qd3 Rad8 26. Rae1 Rg8 27. Ng3 Qf7 28. Re4 c5 29. Rfe1 Rd7 30. c3 Nc6 31. Qe2 Rgd8 32. Nf5 Rf8 33. f4 b6 34. h4 Qg6 35. Re8 Rd8 36. Rxf8+ Rxf8 37. Qe6 Nd8 38. Qd5 Nf7 39. Re7 Nh6 40. Nxh6 Qxh6 41. g3 Qg6 42. Kh2 Rg8 43. Qg2 a5 44. Re3 Qb1 45. a3 a4 46. Qe2 Qg6 47. Qd3 Qf7 48. f5 Re8 49. Qd5 Qf8 50. Re6 Rd8 51. Qc6 Qh6 52. Re8+ Rxe8 53. Qxe8+ Kg7 54. Qe7+ Kg8 55. Kh3 Qc1 56. Qxf6 h5 57. Qg5+ 1-0

[Event "Las Vegas National op"]
[Site "Las Vegas"]
[Date "2017.06.18"]
[Round "5"]
[White "Atoufi, Pedram"]
[Black "Corrales Jimenez, Fidel"]
[Result "0-1"]
[WhiteElo "2281"]
[BlackElo "2524"]
[PlyCount "90"]
[EventDate "2017.06.16"]
[EventType "swiss"]
[EventRounds "6"]
[EventCountry "USA"]
[SourceTitle "CBM 178 Extra"]
[Source "ChessBase"]
[SourceDate "2017.06.22"]
[SourceVersion "1"]
[SourceVersionDate "2017.06.22"]
[SourceQuality "1"]

1. e4 c5 2. Nf3 Nc6 3. Nc3 d6 4. d4 cxd4 5. Nxd4 Nf6 6. Bg5 e6 7. Qd2 h6 8. Bh4 Nxe4 9. Qf4 Nf6 10. Bxf6 Qxf6 11. Qxf6 gxf6 12. Ndb5 Kd8 13. 0-0-0 d5 14. Ne4 f5 15. Ng3 a6 16. Nd4 Nxd4 17. Rxd4 Bd7 18. Kb1 b5 19. Rd2 Kc7 20. Be2 Rg8 21. Bf3 Bc6 22. Nh5 Rd8 23. g3 Bc5 24. Rhd1 Rd6 25. Nf4 Rgd8 26. Nd3 Bb6 27. Ne5 Be8 28. Bh5 f6 29. Bxe8 fxe5 30. Bf7 Kd7 31. Bh5 Ke7 32. Re2 Kf6 33. Red2 e4 34. Rf1 b4 35. Rdd1 a5 36. Be2 a4 37. Bb5 a3 38. bxa3 bxa3 39. Ba4 Ba5 40. Bb3 Bc3 41. Rh1 d4 42. Kc1 e3 43. fxe3 dxe3 44. Rxd6 Rxd6 45. Bc4 Rd2 0-1

[Event "Philadelphia int op 10th"]
[Site "Philadelphia"]
[Date "2016.07.08"]
[Round "5"]
[White "Priyadharshan, Kannappan"]
[Black "Atoufi, Pedram"]
[Result "1-0"]
[WhiteElo "2484"]
[BlackElo "2272"]
[PlyCount "75"]
[EventDate "2016.07.05"]
[EventType "swiss"]
[EventRounds "9"]
[EventCountry "USA"]
[SourceTitle "CBM 173 Extra"]
[Source "ChessBase"]
[SourceDate "2016.08.29"]
[SourceVersion "1"]
[SourceVersionDate "2016.08.29"]
[SourceQuality "1"]

1. e4 e5 2. Nf3 Nc6 3. Nc3 Nf6 4. Bb5 Nd4 5. Ba4 c6 6. d3 b5 7. Bb3 Nxb3 8. axb3 d6 9. Be3 Qc7 10. 0-0 Be7 11. Ne2 0-0 12. Ng3 d5 13. Re1 d4 14. Bd2 g6 15. Qc1 Re8 16. c3 dxc3 17. Bxc3 Nd7 18. b4 c5 19. bxc5 Bxc5 20. d4 exd4 21. Bxd4 Qb6 22. Bxc5 Nxc5 23. Qh6 f6 24. e5 Bg4 25. exf6 Rxe1+ 26. Rxe1 Qxf6 27. Ng5 Qg7 28. Qh4 Bd7 29. Qb4 Qf8 30. Qd4 Bc6 31. Rc1 Nb3 32. Qh4 Qe7 33. Rxc6 Rd8 34. h3 Nd4 35. Ra6 Qc7 36. Kh2 Rd7 37. Qe4 Qd8 38. Ne6 1-0

[Event "Las Vegas National op"]
[Site "Las Vegas"]
[Date "2016.06.24"]
[Round "2"]
[White "Bayaraa, Chinguun"]
[Black "Atoufi, Pedram"]
[Result "0-1"]
[WhiteElo "1829"]
[BlackElo "2272"]
[PlyCount "68"]
[EventDate "2016.06.24"]
[EventType "swiss"]
[EventRounds "6"]
[EventCountry "USA"]
[SourceTitle "CBM 173 Extra"]
[Source "ChessBase"]
[SourceDate "2016.08.29"]
[SourceVersion "1"]
[SourceVersionDate "2016.08.29"]
[SourceQuality "1"]

1. d4 Nf6 2. c4 g6 3. Nc3 Bg7 4. e4 d6 5. f3 0-0 6. Be3 a6 7. Qd2 Nbd7 8. Nge2 c5 9. d5 b5 10. cxb5 Qa5 11. Ng3 Nb6 12. Be2 axb5 13. Nxb5 Bd7 14. Qxa5 Rxa5 15. Nc3 Rb8 16. Kf2 Ne8 17. Rhc1 Na4 18. Nxa4 Rxa4 19. b3 Ra3 20. Rab1 Rxa2 21. Kf1 Rb4 22. Rc4 Nc7 23. Rxb4 cxb4 24. Bc4 Nb5 25. Ne2 Na3 26. Rc1 Bb2 27. Rd1 Nxc4 28. bxc4 Ba4 29. Rd2 b3 30. Ke1 Bf6 31. Bd4 Bxd4 32. Rxd4 Rxe2+ 33. Kxe2 b2 34. Rd1 Bxd1+ 0-1

[Event "Brownsville UT RGV IM"]
[Site "Brownsville"]
[Date "2016.01.10"]
[Round "9"]
[White "Atoufi, Pedram"]
[Black "Martin Del Campo C, Roberto Abel"]
[Result "1/2-1/2"]
[WhiteElo "2261"]
[BlackElo "2360"]
[PlyCount "166"]
[EventDate "2016.01.05"]
[EventType "tourn"]
[EventRounds "9"]
[EventCountry "USA"]
[EventCategory "2"]
[SourceTitle "CBM 170 Extra"]
[Source "ChessBase"]
[SourceDate "2016.02.25"]
[SourceVersion "1"]
[SourceVersionDate "2016.02.25"]
[SourceQuality "1"]

1. e4 c5 2. Nf3 d6 3. d4 cxd4 4. Nxd4 Nf6 5. Nc3 a6 6. h3 Nc6 7. g4 Nxd4 8. Qxd4 e5 9. Qa4+ Bd7 10. Qb3 b5 11. Bg2 Be7 12. g5 Nh5 13. Bf3 Nf4 14. Bxf4 exf4 15. h4 h6 16. 0-0-0 Rc8 17. e5 dxe5 18. Bd5 Rf8 19. Bb7 Rc5 20. Ne4 Qb6 21. Nxc5 Bxc5 22. Qd5 Be6 23. Qxe5 Bxf2 24. Be4 f6 25. gxf6 Rxf6 26. Rd6 Be3+ 27. Rd2 Bxd2+ 28. Kxd2 Qe3+ 29. Kd1 Kd7 30. c3 Bg4+ 31. Kc2 Qe2+ 32. Kb3 Qc4+ 33. Kc2 Qxe4+ 34. Qxe4 Bf5 35. Qxf5+ Rxf5 36. h5 Ke6 37. Kd3 Re5 38. Rg1 Rg5 39. Rh1 Kf5 40. b3 Rg3+ 41. Kd4 Rg2 42. a4 bxa4 43. bxa4 Rd2+ 44. Kc5 f3 45. c4 Rc2 46. Kd5 f2 47. c5 Re2 48. Rf1 Rd2+ 49. Kc6 Ke4 50. Kb6 Rb2+ 51. Kc7 Ke3 52. c6 Ke2 53. Rh1 f1Q 54. Rxf1 Kxf1 55. a5 Kg2 56. Kd7 Rd2+ 57. Ke7 Kf3 58. c7 Rc2 59. Kd7 Kg4 60. c8Q Rxc8 61. Kxc8 Kxh5 62. Kb7 g5 63. Kxa6 g4 64. Kb5 g3 65. a6 g2 66. a7 g1Q 67. a8Q Qf1+ 68. Kc5 Qf5+ 69. Kd4 Kh4 70. Ke3 Kg3 71. Qb8+ Kg2 72. Qb7+ Kg3 73. Qc7+ Kh3 74. Qb7 Qe5+ 75. Kf2 Qg3+ 76. Kf1 Qd3+ 77. Kf2 Qd2+ 78. Kf1 Qf4+ 79. Kg1 Qc1+ 80. Kf2 Qd2+ 81. Kf1 Kg3 82. Qg7+ Qg5 83. Qc7+ Qf4+ 1/2-1/2

[Event "Brownsville UT RGV IM"]
[Site "Brownsville"]
[Date "2016.01.08"]
[Round "6"]
[White "Javakhadze, Zurab"]
[Black "Atoufi, Pedram"]
[Result "1-0"]
[WhiteElo "2443"]
[BlackElo "2261"]
[PlyCount "77"]
[EventDate "2016.01.05"]
[EventType "tourn"]
[EventRounds "9"]
[EventCountry "USA"]
[EventCategory "2"]
[SourceTitle "CBM 170 Extra"]
[Source "ChessBase"]
[SourceDate "2016.02.25"]
[SourceVersion "1"]
[SourceVersionDate "2016.02.25"]
[SourceQuality "1"]

1. Nf3 Nf6 2. g3 b6 3. Bg2 Bb7 4. 0-0 g6 5. c4 Bg7 6. d4 0-0 7. d5 d6 8. Nc3 Na6 9. Nd4 Qe8 10. Rb1 e5 11. Nc6 Nh5 12. b4 f5 13. Nb5 f4 14. c5 dxc5 15. bxc5 e4 16. Ncxa7 Rxa7 17. cxb6 Ra8 18. Nxc7 Nxc7 19. bxc7 Bc8 20. Rb8 Ra7 21. d6 Qd7 22. Bxe4 Ra6 23. Bb7 Rxd6 24. Qb3+ Kh8 25. Rxc8 Rxc8 26. Bxc8 Qxc7 27. Bg4 fxg3 28. hxg3 Rb6 29. Qa4 Nf6 30. Bf4 Qc6 31. Qd4 h5 32. Bf3 Qe6 33. a4 Kh7 34. Rc1 Ne8 35. Qc4 Qxc4 36. Rxc4 Rb1+ 37. Kg2 Ra1 38. Bc6 Nf6 39. Bc7 1-0

[Event "Brownsville UT RGV IM"]
[Site "Brownsville"]
[Date "2016.01.07"]
[Round "5"]
[White "Atoufi, Pedram"]
[Black "Gorti, Akshita"]
[Result "1/2-1/2"]
[WhiteElo "2261"]
[BlackElo "2182"]
[PlyCount "166"]
[EventDate "2016.01.05"]
[EventType "tourn"]
[EventRounds "9"]
[EventCountry "USA"]
[EventCategory "2"]
[SourceTitle "CBM 170 Extra"]
[Source "ChessBase"]
[SourceDate "2016.02.25"]
[SourceVersion "1"]
[SourceVersionDate "2016.02.25"]
[SourceQuality "1"]

1. e4 e6 2. Qe2 c5 3. Nf3 Nc6 4. g3 g6 5. Bg2 Bg7 6. 0-0 Nge7 7. c3 0-0 8. d3 e5 9. a3 d5 10. b4 d4 11. cxd4 Nxd4 12. Nxd4 cxd4 13. f4 Be6 14. f5 gxf5 15. exf5 Bxf5 16. Bxb7 Rb8 17. Bg2 Bg6 18. Nd2 Nd5 19. Ne4 Nc3 20. Qe1 Nxe4 21. dxe4 Rc8 22. g4 Bf6 23. Bh6 Re8 24. Qd2 Be7 25. Rf3 Bxe4 26. Rxf7 Bg6 27. Rff1 Rc2 28. Qe1 Bh4 29. Qd1 Bg5 30. Bxg5 Qxg5 31. Qf3 Kh8 32. Qg3 Rc3 33. Qf2 Qe3 34. h4 Qxf2+ 35. Rxf2 h6 36. Rf6 Kg7 37. Raf1 Re7 38. h5 Bd3 39. R1f2 Rxa3 40. Bd5 Ra1+ 41. Kh2 Ra6 42. g5 hxg5 43. h6+ Kh7 44. Rxa6 Bxa6 45. Be4+ Kxh6 46. Rf6+ Kh5 47. Rxa6 Rc7 48. Kg2 g4 49. Rf6 Rc4 50. b5 Rc5 51. Bc6 Kh4 52. Kf2 Rc2+ 53. Kf1 Kg3 54. Be4 Rb2 55. Bc6 Rb1+ 56. Ke2 Rb2+ 57. Kd3 Rb3+ 58. Kd2 Rb2+ 59. Kd3 Rb3+ 60. Kc2 Re3 61. Rf7 Ra3 62. Rf5 Re3 63. Rf7 Rc3+ 64. Kb2 a6 65. Rf6 axb5 66. Bxb5 e4 67. Rd6 Rc5 68. Bd7 d3 69. Rd4 Kf3 70. Bxg4+ Kxg4 71. Rxe4+ Kf3 72. Re1 Rc2+ 73. Kb1 Kf2 74. Rd1 Ke2 75. Rh1 Rc8 76. Rh2+ Kd1 77. Rh1+ Kd2 78. Rh2+ Kc3 79. Kc1 Kd4+ 80. Kd1 Ra8 81. Rh7 Ra1+ 82. Kd2 Ra2+ 83. Kd1 Kc3 1/2-1/2

[Event "North American op 25th"]
[Site "Las Vegas"]
[Date "2015.12.29"]
[Round "7"]
[White "Niemann, Hans Moke"]
[Black "Atoufi, Pedram"]
[Result "0-1"]
[WhiteElo "2154"]
[BlackElo "2261"]
[PlyCount "78"]
[EventDate "2015.12.26"]
[EventType "swiss"]
[EventRounds "9"]
[EventCountry "USA"]
[SourceTitle "CBM 170 Extra"]
[Source "ChessBase"]
[SourceDate "2016.02.25"]
[SourceVersion "1"]
[SourceVersionDate "2016.02.25"]
[SourceQuality "1"]

1. d4 Nf6 2. c4 g6 3. f3 Bg7 4. e4 0-0 5. Ne2 d6 6. Be3 a6 7. Nec3 c6 8. a4 a5 9. Be2 Na6 10. 0-0 Nd7 11. Na3 e5 12. dxe5 dxe5 13. Qd6 Re8 14. Rfd1 Bf8 15. Qd2 Qc7 16. Na2 Ndc5 17. Qc2 Ne6 18. Nc1 Nd4 19. Bxd4 exd4 20. Nd3 Bd6 21. h3 Qe7 22. Qd2 Qh4 23. Bf1 Qg3 24. e5 Rxe5 25. Qf2 Qxf2+ 26. Nxf2 c5 27. Ne4 Be7 28. Bd3 f5 29. Nd2 Nb4 30. Bf1 Bh4 31. Nb3 b6 32. Kh2 f4 33. Nc1 Bf5 34. Nd3 Bg3+ 35. Kg1 Nxd3 36. Bxd3 Bxd3 37. Rxd3 Rae8 38. Nc2 Re2 39. Rc1 Rxc2 0-1

[Event "USA tt"]
[Site "ICC INT"]
[Date "2015.10.13"]
[Round "8"]
[White "Atoufi, Pedram"]
[Black "Tang, Andrew"]
[Result "1-0"]
[WhiteElo "2261"]
[BlackElo "2387"]
[PlyCount "99"]
[EventDate "2015.08.25"]
[EventType "team-swiss"]
[EventRounds "10"]
[EventCountry "USA"]
[SourceTitle "EXT 2017"]
[Source "ChessBase"]
[SourceDate "2016.10.25"]
[SourceVersion "1"]
[SourceVersionDate "2016.10.25"]
[SourceQuality "1"]
[WhiteTeam "Arizona"]
[BlackTeam "Minnesota"]
[WhiteTeamCountry "USA"]
[BlackTeamCountry "USA"]

1. e4 e5 2. Nf3 Nc6 3. Bb5 a6 4. Ba4 Nf6 5. 0-0 Be7 6. Re1 b5 7. Bb3 d6 8. c3 0-0 9. d4 Bg4 10. Be3 exd4 11. cxd4 d5 12. e5 Ne4 13. Nbd2 Qd7 14. h3 Bh5 15. g4 Bg6 16. Nxe4 dxe4 17. e6 fxe6 18. Ne5 Nxe5 19. dxe5 Qc8 20. a4 c5 21. axb5 c4 22. Ba4 Bb4 23. Re2 Rd8 24. Qc1 Qc7 25. b6 Qxe5 26. b7 Rab8 27. Bf4 Qd5 28. Bxb8 Rxb8 29. Bb3 Qxb7 30. Bxc4 Kh8 31. Rxa6 Rc8 32. Qg5 Be7 33. Qb5 Qc7 34. Bxe6 Rf8 35. Qc6 Qb8 36. Bd5 Be8 37. Qe6 Bc5 38. Kg2 Qb5 39. Bc4 Qb7 40. Bd5 Qb5 41. Rc2 Bd7 42. Bc4 Qb7 43. Qd5 Qc7 44. Ra8 Bc8 45. b4 e3 46. f3 Bxb4 47. Bb3 Bc3 48. Qe4 Qc5 49. Be6 e2 50. Qxe2 1-0

[Event "USA tt"]
[Site "ICC INT"]
[Date "2015.10.07"]
[Round "7"]
[White "Sanchez, Roberto Daniel"]
[Black "Atoufi, Pedram"]
[Result "0-1"]
[WhiteElo "1883"]
[BlackElo "2261"]
[PlyCount "88"]
[EventDate "2015.08.25"]
[EventType "team-swiss"]
[EventRounds "10"]
[EventCountry "USA"]
[SourceTitle "EXT 2017"]
[Source "ChessBase"]
[SourceDate "2016.10.25"]
[SourceVersion "1"]
[SourceVersionDate "2016.10.25"]
[SourceQuality "1"]
[WhiteTeam "Dallas"]
[BlackTeam "Arizona"]
[WhiteTeamCountry "USA"]
[BlackTeamCountry "USA"]

1. e4 e5 2. Nf3 Nc6 3. Bb5 a6 4. Ba4 Nf6 5. d3 b5 6. Bb3 Be7 7. 0-0 0-0 8. c3 d6 9. Re1 Na5 10. Bc2 c5 11. Nbd2 Nc6 12. Nf1 h6 13. Ng3 Be6 14. Nf5 Bxf5 15. exf5 Rc8 16. h3 Re8 17. a3 Qd7 18. g4 Bd8 19. Be3 c4 20. d4 e4 21. Nh2 d5 22. Qd2 Bc7 23. Nf1 Nh7 24. Ng3 Qe7 25. Kg2 Qh4 26. Rh1 Ng5 27. Bd1 g6 28. Bf4 Na5 29. Bxc7 Rxc7 30. Qf4 Rce7 31. Qd6 e3 32. fxe3 Rxe3 33. fxg6 Nb3 34. Rb1 Nd2 35. Ra1 Nde4 36. gxf7+ Nxf7 37. Qg6+ Kf8 38. Qg7+ Kxg7 39. Nf5+ Kg8 40. Nxh4 Rg3+ 41. Kf1 Nfg5 42. Rh2 Nxh3 43. Rxh3 Rxh3 44. Nf5 Rh2 0-1

[Event "US Open-116"]
[Site "Phoenix"]
[Date "2015.08.08"]
[Round "8"]
[White "Atoufi, Pedram"]
[Black "Ramirez Alvarez, Alejandro"]
[Result "0-1"]
[WhiteElo "2261"]
[BlackElo "2586"]
[PlyCount "110"]
[EventDate "2015.08.01"]
[EventType "swiss"]
[EventRounds "9"]
[EventCountry "USA"]
[SourceTitle "CBM 167 Extra"]
[Source "ChessBase"]
[SourceDate "2015.09.14"]
[SourceVersion "1"]
[SourceVersionDate "2015.09.14"]
[SourceQuality "1"]

1. e4 c5 2. Nf3 e6 3. d4 cxd4 4. Nxd4 Nc6 5. Nc3 Qc7 6. g3 a6 7. Bg2 d6 8. 0-0 Bd7 9. Re1 Be7 10. Nb3 b5 11. a4 b4 12. Na2 Nf6 13. Bd2 Rb8 14. c3 bxc3 15. Bxc3 e5 16. Bf1 Qa7 17. h3 0-0 18. Nd2 Be6 19. Nc4 Rfc8 20. a5 Rd8 21. Qa4 Nd4 22. Bxd4 Qxd4 23. Rad1 Qa7 24. Nb4 Bd7 25. Nc6 Bxc6 26. Qxc6 Rb5 27. Nxd6 Rxb2 28. Re2 Rbb8 29. Red2 g6 30. Bxa6 Kg7 31. Nc4 Rxd2 32. Rxd2 Rb1+ 33. Kg2 Qb8 34. Nb6 Ra1 35. Rb2 Qd8 36. Be2 Rxa5 37. Nc4 Rc5 38. Qb7 Rc7 39. Qb5 Rc5 40. Qb7 Rc7 41. Qb8 Qxb8 42. Rxb8 Nxe4 43. Nxe5 Bd6 44. Nd3 Rc2 45. Rb2 Rc3 46. h4 h5 47. Ne1 Nxf2 48. Bxh5 Ne4 49. Bf3 Nxg3 50. Rd2 Nf5 51. h5 Nh4+ 52. Kf1 Nxf3 53. Rxd6 Rc1 54. hxg6 fxg6 55. Re6 Kh6 0-1

[Event "US Open-116"]
[Site "Phoenix"]
[Date "2015.08.06"]
[Round "6"]
[White "Atoufi, Pedram"]
[Black "Rosenthal, Nicholas"]
[Result "1/2-1/2"]
[WhiteElo "2261"]
[BlackElo "2104"]
[PlyCount "56"]
[EventDate "2015.08.01"]
[EventType "swiss"]
[EventRounds "9"]
[EventCountry "USA"]
[SourceTitle "CBM 167 Extra"]
[Source "ChessBase"]
[SourceDate "2015.09.14"]
[SourceVersion "1"]
[SourceVersionDate "2015.09.14"]
[SourceQuality "1"]

1. e4 e6 2. d4 d5 3. Nc3 Nf6 4. e5 Nfd7 5. f4 c5 6. Nf3 Nc6 7. Be3 g6 8. Qd2 a6 9. dxc5 Bxc5 10. Bxc5 Nxc5 11. Qf2 Qa5 12. Bd3 Na4 13. 0-0 Nxb2 14. Ne2 Nb4 15. f5 exf5 16. e6 0-0 17. Bxf5 fxe6 18. Bxg6 hxg6 19. Qg3 Qc5+ 20. Nfd4 Bd7 21. Qxg6+ Kh8 22. Qh6+ Kg8 23. Qg6+ Kh8 24. Rf7 Rxf7 25. Qxf7 Rf8 26. Qxd7 Nxc2 27. Qxe6 Nxa1 28. Qh6+ Kg8 1/2-1/2